| 000 | 01269cad a22001935a 4500 | ||
|---|---|---|---|
| 001 | L152829 | ||
| 008 | 110504e20110317xxk 000 0 eng d | ||
| 035 | _a(Sirsi) u152829 | ||
| 041 | 0 | _aeng | |
| 245 | 0 | 4 | _aThe Lorenz Consultancy Limited v Fox-Davies Capital Limited |
| 260 | _c2011 | ||
| 520 | _a[2011] EWHC 574 (Ch) 17 March 2011. Can an agent recover commission on securing a property for a client with whom it had no direct contact? Claimant commercial agent (L) sought commission from defendant investment bank (F) for introducing F to a property. A third party (R), a prospective purchaser of F which was failing, entered into negotiations with L as to L's fee. F denied liability on the basis that it had never instructed L and that R had no authority to enter into a contract with L on behalf of F. "Held": F was not liable to pay commission to L - only R could have been liable as he contracted with L on his own behalf. | ||
| 590 | _aKA | ||
| 650 | 2 | 4 | _aTHE LORENZ CONSULTANCY LTD V FOX-DAVIES CAPITAL LTD |
| 651 | 4 |
_aEngland and Wales _y1543- |
|
| 690 | _aPROPERTY-COMMERCIAL PROPERTY-COMMERCIAL PROPERTY AGENCY | ||
| 856 | 4 | 0 |
_uhttps://www.bailii.org/ew/cases/EWHC/Ch/2011/574.html _zView the late report free of charge at www.bailii.org |
| 942 | _n0 | ||
| 999 |
_c83109 _d83109 |
||